[Event "ITA-ch U16"]
[Site "San Nicola Arcella"]
[Date "2004.07.08"]
[Round "7"]
[White "Buzzati, Francesco"]
[Black "Spataro, Stefano"]
[Result "1-0"]
[WhiteElo "1679"]
[BlackElo "1488"]
[PlyCount "85"]
[EventDate "2004.07.04"]
[EventType "swiss"]
[EventRounds "7"]
[EventCountry "ITA"]
[SourceTitle "EXT 2024"]
[Source "ChessBase"]
[SourceDate "2023.10.10"]
[SourceVersion "1"]
[SourceVersionDate "2023.10.10"]
[SourceQuality "1"]

1. e4 e6 2. d4 d5 3. exd5 exd5 4. Bf4 Nc6 5. Nc3 a6 6. Nf3 Bb4 7. Be2 Bxc3+ 8. bxc3 Nf6 9. 0-0 0-0 10. Bg5 h6 11. Bh4 Qd6 12. Bg3 Qd7 13. Re1 Ne4 14. Bd3 Nxc3 15. Qd2 Nb5 16. Bf4 Nbxd4 17. Nxd4 Nxd4 18. Bxh6 Qg4 19. Re3 Qh5 20. Rg3 Bg4 21. f3 Qxh6 22. Qxh6 gxh6 23. Rxg4+ Kh8 24. Rxd4 c6 25. Re1 Rae8 26. Kf2 Rxe1 27. Kxe1 Re8+ 28. Kf2 Kg7 29. Rb4 b5 30. a4 Rb8 31. a5 c5 32. Rf4 c4 33. Be2 b4 34. Rf5 b3 35. cxb3 cxb3 36. Rxd5 b2 37. Bd3 Rb3 38. Bb1 Ra3 39. Rd2 Rb3 40. Ba2 b1Q 41. Bxb1 Rxb1 42. Rd6 Rb2+ 43. Kg3 1-0